| 000 | 00400nam a22001577a 4500 | ||
|---|---|---|---|
| 003 | CEME | ||
| 005 | 20210628202618.0 | ||
| 008 | 210316b xxu||||| |||| 00| 0 eng d | ||
| 040 | _c. | ||
| 082 | _a297 SHO | ||
| 100 |
_aShoba-E-Deeni Taalimat _960715 |
||
| 245 | _aKhawateen-E-Islam ,Nishan-E-Manzal | ||
| 260 |
_aGHQ, RAWALPINDI _bARMY EDUCATION PRESS _c1996 |
||
| 300 | _a120P | ||
| 942 |
_cBK _2ddc |
||
| 999 |
_c570380 _d570380 |
||